logo

Bir Sreshtho Munshi Abdur Rouf Library
Jhenaidah Cadet College

Heritage of Western civilization / (Record no. 9779)

MARC details
000 -LEADER
fixed length control field 00961cam a2200301 4500
001 - CONTROL NUMBER
JCCL Control Number 9779
003 - CONTROL NUMBER IDENTIFIER
JCCL marc code BD-JhCC
005 - DATE AND TIME OF LATEST TRANSACTION
control field 20180329105528.0
008 - FIXED-LENGTH DATA ELEMENTS--GENERAL INFORMATION
fixed length control field 190329s1969 njuac b 000 0 eng
020 ## - INTERNATIONAL STANDARD BOOK NUMBER
International Standard Book Number 0133870847(v.1)
-- 0133870922(v.2)
035 ## - SYSTEM CONTROL NUMBER
system control number (BD-JhCC)9779
040 ## - CATALOGING SOURCE
Original cataloging agency DLC
Transcribing agency DLC
Modifying agency DLC
-- BD-JhCC
041 ## - LANGUAGE CODE
Language code of Book eng
050 00 - LIBRARY OF CONGRESS CALL NUMBER
Classification number CB5
Item number .B43 1969
082 00 - DEWEY DECIMAL CLASSIFICATION NUMBER
Classification number 910.09
Author mark and Year BEA 1969
100 1# - MAIN ENTRY--PERSONAL NAME
Personal name Beatty, John Louis,
Dates associated with a name 1922-1975,
245 10 - TITLE STATEMENT
Title Heritage of Western civilization /
Remainder of title select readings.
Statement of responsibility, etc Edited with introductions by John Louis Beatty [and] Oliver A. Johnson.
250 ## - EDITION STATEMENT
Edition statement 3d ed.
260 ## - PUBLICATION, DISTRIBUTION, ETC. (IMPRINT)
Place of publication, distribution, etc Englewood Cliffs, N.J :
Name of publisher, distributor, etc Prentice-Hall,
Date of publication, distribution, etc 1969.
300 ## - PHYSICAL DESCRIPTION
Pagination 2 v.
Other physical details illus., ports.
Dimensions 25 cm.
350 ## - PRICE (NR) (BK AM CF MU VM SE) [OBSOLETE]
Price $8.95 per vol.
504 ## - BIBLIOGRAPHY, ETC. NOTE
Bibliography, etc Includes bibliographical references.
650 #0 - SUBJECT ADDED ENTRY--TOPICAL TERM
Topical term or geographic name as entry element Civilization
General subdivision History
-- Sources.
650 #0 - SUBJECT ADDED ENTRY--TOPICAL TERM
Topical term or geographic name as entry element Literature
General subdivision Collections.
700 1# - ADDED ENTRY--PERSONAL NAME
Personal name Johnson, Oliver A.,
942 ## - ADDED ENTRY ELEMENTS (KOHA)
Source of classification or shelving scheme Dewey Decimal Classification
Koha item type Books
Holdings
Source of classification or shelving scheme Damaged status Not for loan Home library Current library Shelving location Date of accession Total Checkouts Full call number Barcode Date last seen Copy number Koha item type
Dewey Decimal Classification     JCC Rouf Library JCC Rouf Library General Stacks 03/29/2018   910.09 BEA 1969 13154 03/29/2018 C-1 Books

JCC Library | Contacts | JCC Home

Last Update on 23 September 2017
Copyright @ 2017-2020 JCC Rouf Library
Rouf Library, Jhenidah Cadet College (JCC), Bangladesh